| 000 | 00481nam a2200169 i 4500 | ||
|---|---|---|---|
| 001 | bg | ||
| 245 | 0 |
_aUkłady energoelektroniczne : _bobliczanie, modelowanie, projektowanie / _cHenryk Tunia [et al.]. |
|
| 260 |
_aWarszawa, _c1982 _aWNT. |
||
| 650 | 9 |
_aElektroenergetyka _xurządzenia |
|
| 655 | _aPodręczniki akademickie | ||
| 700 | 1 | _aTunia, Henryk | |
| 040 | _cBPK | ||
| 041 | _apol | ||
| 080 | _a621.31:621.382 | ||
| 942 | _cKS | ||
| 008 | s pl f |000 0 pol | ||
| 999 |
_c21100 _d21100 |
||
| 856 |
_uhttp://koha.tu.koszalin.pl/cgi-bin/koha/opac-detail.pl?biblionumber=21100 _yKatalog online BPK |
||